<?xml version="1.0" encoding="UTF-8"?>
<record
    xmlns:xsi="http://www.w3.org/2001/XMLSchema-instance"
    xsi:schemaLocation="http://www.loc.gov/MARC21/slim http://www.loc.gov/standards/marcxml/schema/MARC21slim.xsd"
    xmlns="http://www.loc.gov/MARC21/slim">

  <leader>01200nam a2200265 a 4500</leader>
  <controlfield tag="001">77548</controlfield>
  <controlfield tag="003">BD-RjUL</controlfield>
  <controlfield tag="005">20211209083002.0</controlfield>
  <controlfield tag="008">201119s19659999ii a     b    001 0 eng  </controlfield>
  <datafield tag="035" ind1=" " ind2=" ">
    <subfield code="a">(BD-RjUL)77773</subfield>
  </datafield>
  <datafield tag="040" ind1=" " ind2=" ">
    <subfield code="a">DLC</subfield>
    <subfield code="c">DLC</subfield>
    <subfield code="d">BD-RjUL</subfield>
  </datafield>
  <datafield tag="082" ind1=" " ind2=" ">
    <subfield code="2">23</subfield>
    <subfield code="a">630.5</subfield>
    <subfield code="b">IAE 1983</subfield>
  </datafield>
  <datafield tag="245" ind1="0" ind2="0">
    <subfield code="a">Indian journal of agricultural economics /</subfield>
    <subfield code="c">Indian Society of Agricultural Economics.</subfield>
  </datafield>
  <datafield tag="260" ind1=" " ind2=" ">
    <subfield code="a">Bombay :</subfield>
    <subfield code="b">Indian Society of Agricultural Economics,</subfield>
    <subfield code="c">[1965-]</subfield>
  </datafield>
  <datafield tag="300" ind1=" " ind2=" ">
    <subfield code="a"> v.:</subfield>
    <subfield code="b">illus.;</subfield>
    <subfield code="c">25 cm.</subfield>
  </datafield>
  <datafield tag="500" ind1=" " ind2=" ">
    <subfield code="a">Published on the occasion of the Annual Conference of the Indian Society of Agricultural Economics during the jubilee year, 1965.</subfield>
  </datafield>
  <datafield tag="500" ind1=" " ind2=" ">
    <subfield code="a">"Indian journal of agricultural economics, 1940-1964: index": p. [391]-475.</subfield>
  </datafield>
  <datafield tag="500" ind1=" " ind2=" ">
    <subfield code="a">Also includes index to the Proceedings of the Conferences of the Indian Society of Agricultural Economics, 1940-1945.</subfield>
  </datafield>
  <datafield tag="504" ind1=" " ind2=" ">
    <subfield code="a">Bibliographical footnotes.</subfield>
  </datafield>
  <datafield tag="650" ind1=" " ind2="0">
    <subfield code="a">Agriculture</subfield>
    <subfield code="x">Economic aspects</subfield>
    <subfield code="z">India.</subfield>
    <subfield code="v">Periodicals</subfield>
    <subfield code="9">242036</subfield>
  </datafield>
  <datafield tag="710" ind1="2" ind2=" ">
    <subfield code="a">Indian Society of Agricultural Economics.</subfield>
    <subfield code="t">Proceedings of the Conference.</subfield>
    <subfield code="9">242037</subfield>
  </datafield>
  <datafield tag="730" ind1="0" ind2=" ">
    <subfield code="a">Indian journal of agricultural economics.</subfield>
    <subfield code="9">242038</subfield>
  </datafield>
  <datafield tag="942" ind1=" " ind2=" ">
    <subfield code="2">ddc</subfield>
    <subfield code="c">CR</subfield>
  </datafield>
  <datafield tag="999" ind1=" " ind2=" ">
    <subfield code="c">77548</subfield>
    <subfield code="d">77548</subfield>
  </datafield>
  <datafield tag="952" ind1=" " ind2=" ">
    <subfield code="0">0</subfield>
    <subfield code="1">0</subfield>
    <subfield code="2">ddc</subfield>
    <subfield code="4">0</subfield>
    <subfield code="5">1</subfield>
    <subfield code="7">1</subfield>
    <subfield code="8">SR</subfield>
    <subfield code="a">RUCL</subfield>
    <subfield code="b">RUCL</subfield>
    <subfield code="c">Serial</subfield>
    <subfield code="d">2020-11-19</subfield>
    <subfield code="h">Volume-38 No.1-4 1983</subfield>
    <subfield code="l">0</subfield>
    <subfield code="o">P 630.5 IAE V-38 No.1-4 1983</subfield>
    <subfield code="r">2020-11-19 00:00:00</subfield>
    <subfield code="t">C-1</subfield>
    <subfield code="w">2020-11-19</subfield>
    <subfield code="y">CR</subfield>
  </datafield>
</record>
